Mathtype tạo equation trong văn bản khoa học toán - lý - hóa Mathtype 4

Gorde:
Xehetasun bibliografikoak
Egile nagusia: ĐINH VŨ NHÂN
Formatua: Liburua
Hizkuntza:Undetermined
Argitaratua: Thanh Niên 1999
Gaiak:
Etiketak: Etiketa erantsi
Etiketarik gabe, Izan zaitez lehena erregistro honi etiketa jartzen!
Thư viện lưu trữ: Trung tâm Học liệu Trường Đại học Cần Thơ
LEADER 00511nam a2200169Ia 4500
001 CTU_49992
008 210402s9999 xx 000 0 und d
082 |a 005.3 
082 |b Nh121 
100 |a ĐINH VŨ NHÂN 
245 0 |a Mathtype tạo equation trong văn bản khoa học toán - lý - hóa 
245 0 |b Mathtype 4 
245 0 |c ĐINH VŨ NHÂN 
260 |b Thanh Niên 
260 |c 1999 
650 |a mathtype ( computer programs ) 
980 |a Trung tâm Học liệu Trường Đại học Cần Thơ